Kľúčové novodobé globálne problémy a ich stručná charakteristika

Globalizácia a kríza ako jej prejav. Problém príjmovej polarizácie a príjmových nerovností. Zadlženosť štátov ako nový globálny problém. Hrozba nezamestnanosti mladých ľudí.

Gespeichert in:
Bibliographische Detailangaben
1. Verfasser: Tokárová, Mária
Format: Buchkapitel
Sprache:Slowakisch
Schlagworte:
Tags: Tag hinzufügen
Keine Tags, Fügen Sie das erste Tag hinzu!

MARC

LEADER 00000nla a2200000 4500
001 0195798
005 20240502073306.6
041 0 |a slo 
044 |a SK 
245 1 0 |a Kľúčové novodobé globálne problémy a ich stručná charakteristika  |c Mária Tokárová 
520 |a Globalizácia a kríza ako jej prejav. Problém príjmovej polarizácie a príjmových nerovností. Zadlženosť štátov ako nový globálny problém. Hrozba nezamestnanosti mladých ľudí. 
610 2 0 |a globalizácia 
610 2 0 |a kríza hospodárska 
610 2 0 |a vzťahy hospodárske medzinárodné 
610 2 0 |a zadlženosť 
610 2 0 |a príjmy 
610 2 0 |a bohatí 
610 2 0 |a chudobní 
610 2 0 |a nezamestnanosť 
610 2 0 |a svet 
100 1 |a Tokárová, Mária